000 00392nam a2200121 a 4500
005 20140513081053.0
008 090911s19uu xx 00 eng d
050 _aKit
_bMR. 1980
245 _a3 MR. Men and Little Miss /
_cHangreaves, Roger.
260 _aU.S.A :
_bOttenheimer pub,
_c1980.
500 _aStories on LP cassette. Titles: Mr. Nervous, Mr. Chatterbox, Mr. Messy.
999 _c116401
_d116401